000 00345 a2200169 4500
001 166625
020 _a85-08-07238-4
040 _cMagnum
100 _aCarrasco, Walcyr
240 1 0 _aVida de droga
_lpor
245 1 0 _aVida de droga
300 _a176
362 0 _a1999
440 1 _aÁtica
697 _aLITERATURA JUVENIL
942 _cBK
999 _c166625
_d166625